The Malaysian currency crisis : How and why it happened

Bibliographic Details
Main Author: MAHATHIR bin Mohamad 1925-
Format: Book
Published: Subang Jaya, Selangor : Pelanduk Pub. , 2000
Subjects:

MARC

LEADER 00000cam a2200000 7i4500
001 0000001090
005 20131222.0
020 0 0 |a 9679787567 
090 0 0 |a 332.4509595   |b MAH 2000 
100 0 0 |a MAHATHIR bin Mohamad   |f Dato' Seri   |c 1925- 
245 1 0 |a The Malaysian currency crisis :   |b How and why it happened   |c Mahathir Mohamad 
260 0 0 |a Subang Jaya, Selangor :   |b Pelanduk Pub. ,   |c 2000 
300 |a 61 p. ;   |c 22 cm. 
500 0 0 |a Includes index 
650 0 0 |a Financial crises   |z Malaysia 
650 0 0 |a Foreign exchange   |z Malaysia 
651 0 0 |a Malaysi   |x Economic conditions 
998 |a JPSM 
999 |a 0000002016   |b Monograph   |c Open Shelf   |e Default branch